| 000 | 01205nam a2200265Ia 4500 | ||
|---|---|---|---|
| 999 |
_c55684 _d55684 |
||
| 001 | 22779 | ||
| 003 | GE_BSU | ||
| 005 | 20230518171214.0 | ||
| 008 | 181216s ||||ge |||||||||||||| ||geo|| | ||
| 020 | _a9789941261329 | ||
| 040 | _cGE_BSU | ||
| 041 | _ageo | ||
| 080 | _a821.111-1 ბ-74 | ||
| 100 |
_aბლეიკი, უილიამ _918131 |
||
| 245 |
_aქორწინება სამოთხისა და ჯოჯოხეთისა / _cუილიამ ბლეიკი ; ინგლისურიდან თარგმნა ხატია გაგნიძემ. |
||
| 264 |
_aთბილისი : _bუნივერსალი, _c2017. |
||
| 300 |
_a50 გვ. ; _c14 სმ. |
||
| 500 | _aპარალელური სათაური ინგლისურ ენაზე | ||
| 520 | _aპარალ. სათ. ინგლ. | ||
| 541 | _h2 ლ. | ||
| 653 | _aინგლისელი მწერლები | ||
| 653 | _aქორწინება სამოთხისა და ჯოჯოხეთისა | ||
| 700 |
_aგაგნიძე, ხატია _eმთარგმნელი _917979 |
||
| 942 |
_cBK _2udc |
||